000 00237nam a2200097Ia 4500
008 220204s9999 xx 000 0 und d
082 _a82-7
_bJAF
100 _aJaffee, Al
245 0 _aMad book of magic and other dirty tricks
942 _cBK
999 _c35749
_d35749